León Cortés : apasionantes páginas de la vida del último caudillo del pueblo costarricense
Na minha lista:
| Autor principal: | |
|---|---|
| Formato: | Livro |
| Idioma: | Spanish |
| Publicado em: |
San José; C.R.:
Editorial Victoria
1949
|
| Assuntos: | |
| Tags: |
Adicionar Tag
Sem tags, seja o primeiro a adicionar uma tag!
|
MARC
| LEADER | 00000nam a22000007a 4500 | ||
|---|---|---|---|
| 003 | cru CRAI/IIS | ||
| 005 | 20191209114943.0 | ||
| 008 | 191209b1949 CR ||||| |||| 00| 0 spa d | ||
| 999 | |c 42737 |d 42737 | ||
| 040 | |c cru CRAI/IIS | ||
| 090 | |a 04.03.01 C8281 | ||
| 100 | 0 | |9 8865 |a Benavides, Héctor | |
| 245 | |a León Cortés : |b apasionantes páginas de la vida del último caudillo del pueblo costarricense |c Héctor Benavides | ||
| 260 | |a San José; C.R.: |b Editorial Victoria |c 1949 | ||
| 300 | |a 40 páginas | ||
| 500 | |a Es una fotocopia | ||
| 650 | 0 | |9 631 |a BIOGRAFIAS | |
| 650 | 0 | |9 2585 |a JEFES DE ESTADO | |
| 650 | 4 | |9 1918 |a PODER POLITICO | |
| 942 | |2 ddc |c LI | ||
